| 000 | 00586nam a22001817a 4500 | ||
|---|---|---|---|
| 003 | UA-OsUOA | ||
| 001 | 16573 | ||
| 007 | ta | ||
| 008 | 20040114b un ||||| |||| 00| 0 ukr d | ||
| 100 | _aГлавацька Л. | ||
| 942 | _cSA | ||
| 040 |
_aUA-OsUOA _cUA-OsUOA _dUA-OsUOA |
||
| 245 |
_aЗ добром до людей _b[Про голову Рвнен. рай. орг. Т-ва Червоного Хреста М.Діжурко] |
||
| 300 | _aС.6 | ||
| 955 | _a0 | ||
| 773 | 0 |
_w0 _tМедичний вісник _dРівне _d2003 _g№29/25 лип./ |
|
| 650 | 7 |
_aДіжурко М. _2UDC |
|
| 999 |
_c302738 _d302738 |
||